Statistics for Animals Beginning with 'A' - Pictures

Click here to take the quiz!

General Stats

  • This quiz has been taken 170 times
  • The average score is 10 of 20

Answer Stats

Answer% Correct
Ant
98%
Alligator
88%
Alpaca
86%
Armadillo
83%
Anteater
81%
Albatross
79%
Anaconda
79%
Aardvark
77%
Antelope
72%
Angelfish
68%
Afghan Hound
45%
Asp
41%
Adder
38%
Airedale
28%
Aphid
21%
Arctic Tern
15%
Abalone
13%
Alaskan Malamute
11%
Albacore
9%
Agouti
5%

Score Distribution

Percentile by Number Answered

Percent of People with Each Score

Your Score History

You have not taken this quiz